La Globalización de la pobreza: tabla de contenidos, número 286, 2020
Bewaard in:
| Formaat: | Boek |
|---|---|
| Taal: | Spanish |
| Tags: |
Voeg label toe
Geen labels, Wees de eerste die dit record labelt!
|
MARC
| LEADER | 00000nam a22000007a 4500 | ||
|---|---|---|---|
| 003 | cru IIS | ||
| 005 | 20220502115016.0 | ||
| 007 | ta | ||
| 008 | 220428s2020 ag |||p|r|||| 00| 0 spa d | ||
| 040 | |c cru IIS | ||
| 245 | 3 | |a La Globalización de la pobreza: |b tabla de contenidos, número 286, 2020 | |
| 505 | |a Contenido: 1.España: ¿un nuevo ciclo político? / Gemma Ubasart-González, Salvador Martí i Puig. -- 2.Italia: una coyuntura particular / Samuele Mazzolini. -- 3.Cómo la extrema derecha se apoderó de 4chan /Juan Ruocco. -- 4.¿Por qué protesta tanta gente a la vez? / Didier Billion, Christophe Ventura. -- 5.Desigualdad y descontento social en América Latina / Nora Lustig. -- 6.La manifestación: el origen de una forma de protesta / Olivier Fillieule, Danielle Tartakowsky. -- 7.Chile o el vértigo del futuro Carolina Tohá. -- 8.El tsunami feminista / Nuria Varela. -- 9.¿Hacia dónde van los movimientos por la justicia climática? / Maristella Svampa. -- 10.Una experiencia de cartografía colaborativa: El Atlas de Justicia Ambiental /Joan Martínez Alier. -- 11.¿El tercer capítulo de la Primavera Árabe? / Ezequiel Kope. -- 12.Los «chalecos amarillos» y la representación política / Rémi Lefebvre. -- 13.Colombia: despertar ciudadano y dilemas políticos después del «21-n»: Entrevista a Álvaro Jiménez Millán / Marc Saint-Upéry. -- 14.El poder de las huelgas clásicas / Kim Kelly | ||
| 773 | 0 | |0 19022 |9 7034 |a Fundación Friedrich Ebert |d Fundación Friedrich Ebert; Nueva Sociedad Buenos Aires, Argentina |o 22537 |t Nueva Sociedad / | |
| 942 | |2 ddc |c PP | ||
| 999 | |c 44193 |d 44193 | ||
